Sports Quiz

Random Sports or Numbers Quiz

300 or More Homeruns by Active Player Quiz Stats

 Plays Quiz not verified by Sporcle

Score 0/18 Timer 03:00
0 Plays Today
Number of Homeruns Players % Correct
648Alex Rodriguez
98.4%
492Albert Pujols
91.1%
555Manny Ramirez
89.3%
358Miguel Cabrera
87.5%
311Ryan Howard
87.5%
423David Ortiz
83.5%
431Paul Konerko
72.8%
433Adam Dunn
72.8%
361Todd Helton
72%
Number of Homeruns Players % Correct
347Aramis Ramirez
70.8%
366Lance Berkman
66%
436Jason Giambi
64.7%
307Miguel Tejada
59.4%
310Torii Hunter
56.7%
392Alfonso Soriano
55.5%
354Carlos Beltran
53.8%
341Mark Teixeira
50.8%
371Adrian Beltre
47.6%

You're not logged in!

Compare scores with friends on all Sporcle quizzes.
OR
Log In

Show Comments

Extras

Top Quizzes Today


Score Distribution

Your Account Isn't Verified!

In order to create a playlist on Sporcle, you need to verify the email address you used during registration. Go to your Sporcle Settings to finish the process.

Report this User

Report this user for behavior that violates our Community Guidelines.

Details: